| 000 | 00581nam a22001937a 4500 | ||
|---|---|---|---|
| 003 | OSt | ||
| 005 | 20180116183043.0 | ||
| 008 | 160224b xxu||||| |||| 00| 0 eng d | ||
| 020 | _a18-263-94-02 | ||
| 024 | _218-263-94-02 | ||
| 040 | _cLahore University of Management Sciences | ||
| 082 | _a174.4 LUM 1994 | ||
| 100 | _aMahoon Z, Malik OR | ||
| 245 |
_aNOTE ON TRADING SYSTEMS DESIGN _cMAHOON Z, HASSAN S Z |
||
| 260 |
_aLahore _bLahore University of Management Sciences _c1994 |
||
| 300 |
_a12 p. _bPapers |
||
| 440 | _aNOTE ON TRADING SYSTEMS DESIGN | ||
| 942 |
_2ddc _cCS |
||
| 999 |
_c351311 _d351311 |
||